Tabla de contenidos: volumen 31, número 4, 2005
Αποθηκεύτηκε σε:
| Μορφή: | Βιβλίο |
|---|---|
| Γλώσσα: | English |
| Ετικέτες: |
Προσθήκη ετικέτας
Δεν υπάρχουν, Καταχωρήστε ετικέτα πρώτοι!
|
MARC
| LEADER | 00000nam a22000007a 4500 | ||
|---|---|---|---|
| 003 | cru CIDCACS/IIS | ||
| 005 | 20230309135000.0 | ||
| 008 | 230309t2005 nyu|||p|r|||| 00| 0 eng d | ||
| 040 | |c cru CIDCACS/IIS | ||
| 245 | |a Tabla de contenidos: |b volumen 31, número 4, 2005 | ||
| 300 | |a páginas 162-171 |b tablas | ||
| 505 | |a Contenido: 1.Promoting Informed Choice: Evaluating a Decision-Making Tool for Family Planning Clients and Providers in México /Young Mi Kim, Adrienne Koís, Antonieta Martin, David Silva, Ward Rinehart, Sarah Prammawat, Sarah Johnson, Kathryn Church. -- 2. Pharmacists' Knowledge and Perceptions of Emergency Contraceptive Pills In Soweto and the Johannesburg Central Business District, South Africa /Kelly Blanchard, Teresa Harrison and Mosala Sello. -- 3.Pregnancy Intentions Among Salvadoran Fathers: Results from the 2003 National Male Reproductive Health Survey / Marion Carter, llene S. Spetzer. -- 4.The Incidence of Induced Abortion in Uganda / Susheela Singh, Elena Prada, Florence Mirembe, Charles Kiggundu. -- 5.Gender and Relationship Differences in Condom Use Among 15-24-Year-0lds in Angola /Ndola Prata, Farnaz Vohidnia and Ashley Fraser. -- 6.Exposure to a National HlV-Prevention Program Linked To Lower Risk of Infection for South African Youth. -- 7.Of HPV-Infected Women with Normal Smears, Most Have High-Risk Varieties. -- 8.Complaints of Abnormal Vaginal Discharge Linked to Poor Mental Health. -- 9.Home Visits Help Mothers Maintain Breast-Feeding After Leaving the Hospital. -- 10.Evidence Supporting the Notion That Bacterial Vaginosis Can Be Transmitted Sexually Continues to Accumulate. -- 11.Women Who Report Abuse During Pregnancy Have An Elevated Risk of Adverse Birth Outcomes | ||
| 773 | 0 | |0 43097 |9 8359 |a The Alan Gultmacher Institute |d New York: The Alan Gultmacher Institute, 1975- |o 17806 |t International Family Planning Perspectives/ |x 01622749 | |
| 942 | |2 ddc |c PP | ||
| 999 | |c 44802 |d 44802 | ||
